Platiť do umeleckých fondov sa musí

Štát stále diktuje, kto a koľko má odviesť do umeleckých fondov. Zákon o umeleckých fondoch prikazuje platiť, ale nerieši kontrolu využívania získaných príspevkov. Problém vydavateľov kníh. Fondy na krytie strát používajú predaj majetku alebo samotné príspevky. Hospodárenie umeleckých fondov.

Na minha lista:
Detalhes bibliográficos
Autor principal: Pálková, Sylvia
Formato: Capítulo de Livro
Idioma:eslovaco
Assuntos:
Tags: Adicionar Tag
Sem tags, seja o primeiro a adicionar uma tag!

MARC

LEADER 00000naa a2200000 4500
001 r046465
005 20230921113710.4
041 0 |a slo 
044 |a SK 
245 1 0 |a Platiť do umeleckých fondov sa musí  |c Sylvia Pálková 
520 |a Štát stále diktuje, kto a koľko má odviesť do umeleckých fondov. Zákon o umeleckých fondoch prikazuje platiť, ale nerieši kontrolu využívania získaných príspevkov. Problém vydavateľov kníh. Fondy na krytie strát používajú predaj majetku alebo samotné príspevky. Hospodárenie umeleckých fondov. 
610 2 0 |a fondy finančné 
610 2 0 |a kultúra 
610 2 0 |a štát 
610 2 0 |a zákony 
610 2 0 |a hospodárenie finančné 
610 2 0 |a vydavateľstvá 
610 2 0 |a Slovensko 
100 1 |a Pálková, Sylvia